Chocolate and Love Menu - Statistics

General Stats
  • This quiz has been taken 21 times
  • The average score is 5 of 75
Answer Stats
% Correct
Cappuccino
73%
Hot Chocolate
45%
Water
45%
Espresso/Doppio
27%
Affogato
9%
Almond Croissant
9%
Butter Croissant
9%
Cafe Latte
9%
Caramel Macchiato
9%
Chocolate Banana Chocizza
9%
Chocolate Date Chocizza
9%
Chocolate Frappe
9%
Chocolate Freddo
9%
Chocolate Milkshake
9%
Chocolate Shot
9%
Dark Chocolate Bomb
9%
Flat White
9%
Green Tea
9%
Green Tea
9%
Hibiscus Granita
9%
Hibiscus Iced Tea
9%
Iced Americano
9%
Iced Latte
9%
Lavender Latte
9%
Long Black
9%
Mango Tango
9%
Milk Chocolate Bomb
9%
Pain au Chocolate
9%
Peach Iced Tea
9%
Rose Cappuccino
9%
Shaken Iced Chocolate
9%
S'mores Chocizza
9%
Strawberry Granita
9%
Vegan Nutty Coffee Chocolate Shake
9%
Banana Bonanza Cake
0%
Banana Split Sundae
0%
Belgian Pearl Sugar Waffles
0%
Berrylicious Strawberry
0%
Bold & Beautiful Brownie
0%
Cafe Frappe
0%
Cafe Mocha
0%
Chai Tea Latte (Iced)
0%
Chamomile Tea
0%
Cheeky Charred Cheesecake
0%
Chocolate and Love Fondue
0%
Chocolate Celeste Cheesecake
0%
Chocolate Charm Cake
0%
Chocolate Chip Cookie Sundae
0%
Churros
0%
Cinnamon Swirl
0%
Cortado
0%
Couture Carrot Cake
0%
Croissant Sandwich
0%
English Breakfast Tea
0%
Espresso Macchiato
0%
Exotic Sundae
0%
Fantasy Flourless Chocolate Torte
0%
Fudge Brownie Sundae
0%
Heavenly Strawberry Sundae
0%
Hibiscus Tea
0%
Iced Caramel Macchiato
0%
Lemon Iced Tea
0%
Lime Granita
0%
Maple Latte
0%
Matcha Tea Latte (Iced)
0%
Mindful Molten Cake
0%
Opera Overture Cake
0%
Peppermint Tea
0%
Perfect Peach
0%
Shaken Iced Espresso
0%
S'Mores Fondue
0%
Virgin Cocktail
0%
White Chocolate Mocha
0%
Wholewheat Crepes
0%
Wholewheat Pancakes
0%
No matching quizzes found
Score Distribution
Percent of People with Each Score
Percentile by Number Answered
Your Score History
You have not taken this quiz